MDQL
is popping MORE tags! Check the
thread
!
Quizzes
Events
Quiz Creation
Community
Videos
Private Events
Remove Ads
Sign In
Join for FREE
Feedback
Dark Mode
Quiz Categories
Sports
Geography
Music
Movies
Television
Just For Fun
Miscellaneous
History
Literature
Language
Science
Gaming
Entertainment
Religion
Holiday
For Kids
Quiz Lab
Recent
Popular Today
Quiz Kudos Today
Editor Picks
Curator Picks
Quizzes by...
Day
Popularity
Type
Ratings
Length
Year
Community
Subscriptions
Recent Discussions
Orange Saloon
Badges
Playlists
Quests
Create
Leaderboards
Showdown
Live 5
Trivia Bingo
Activity
Puzzle Library
Sporcle Events
Private Events
Virtual Trivia
Globe League
Become a Host
Pub Owners
SporcleCon
Opinionation
Our Games
Videos
Blog
Mobile Apps
Partnerships
Remove Ads and Go Orange
Feedback
Television
TV Characters
TV Show
Sitcom
Network
Friends
Reality Shows
Cast
South Park
Star Trek
The Simpsons
Doctor Who
Television
TV Characters
TV Show
Sitcom
Network
Friends
Reality Shows
Cast
South Park
Star Trek
The Simpsons
Doctor Who
Random Quiz
Search Sporcle
×
Quiz Lab
Quiz Lab
Television
South Park
Select answers by clicking on text or image buttons
Select answers by clicking on text or image buttons
Clickable
Best Score? Go Orange.
Kenny Quotes 4 Stats
Can you pick the Kenny Quotes 4
By
TicTac23
20m
33 Questions
15 Plays
15 Plays
15 Plays
Comments
Comments
Give Quiz Kudos
Give Quiz Kudos
-
- Ratings
hide this ad
Forced Order
Answers have to be entered in order
Answers have to be entered in order
Random Order
Randomize order of answers
Randomize order of answers
Replay
Link that replays current quiz
Next Quiz
Link to next quiz in quiz playlist
You Got
0%
They Got
Avg Score
10%
Avg Friend Score
Upgrade to see
Score Distribution
Jump to the score distribution portion of the page
Score
0/33
Timer
20:00
0
Plays Today
% Correct
Tom's Rhinoplasty
20%
Chef Aid
20%
Obama Wins!
20%
Tweek vs. Craig
20%
Proper Condom Use
20%
Spontaneous Combustion
13.3%
The Death of Eric Cartman
13.3%
A Song of Ass and Fire
13.3%
Big Gay Al's Big Gay Boat Ride
13.3%
Mecha-Streisand
13.3%
Chickenpox
13.3%
Chef Goes Nanners
13.3%
Are You There God? It's Me, Jesus
13.3%
Jakovasaurs
13.3%
Do the Handicapped go to Hell?
13.3%
South Park is Gay!
13.3%
Best Friends Forever
13.3%
% Correct
The Mexican Staring Frog of Southern Sri Lanka
13.3%
Starvin' Marvin
6.7%
Summer Sucks
6.7%
Cartman's Incredible Gift
6.7%
Miss Teacher Bangs a Boy
6.7%
You Have 0 Friends
6.7%
Cow Days
6.7%
Faith Hilling
6.7%
Chickenlover
6.7%
Mr. Hankey's Christmas Classics
6.7%
Trapper Keeper
6.7%
I'm a Little Bit Country
0%
The Return of Chef
0%
Elementary School Musical
0%
Here Comes the Neighborhood
0%
Go God Go
0%
Quiz Playlist
Details
Report
Send in Message
Add To Playlist
Clickable:
Select answers by clicking on text or image buttons
Forced Order:
Answers have to be entered in order
Random Order:
Randomize order of answers
Last Updated: Feb 16, 2017
Quiz Scoreboard
CHALLENGE
Sign Up to Join the Scoreboard
Show All
Scores
Hide
Comments
May contain spoilers
Recently Published
Street Fighter Characters
by Artimus82
Gaming
60s
9x9 Crossword: Cartoon Network
by jackfrog10
Miscellaneous
3m
College Basketball Coaching Resumes
by pancakes188
Sports
9m
More to Explore
Quiz From the Vault
Featured Blog Post
Where Did the Easter Bunny Come From?
hide this ad
You Might Also Like...
Tags
South Park Quiz
Today's Top Quizzes in Television
Browse Television
hide this ad
Today's Top Quizzes in South Park
Browse South Park
Top Contributed Quizzes in Television
1
5-to-1: The Simpsons Families
2
Adjectives in 80s TV Shows
3
Adjectives in 00s TV Shows
4
Survivor Journey Challenge
5
5-to-1: Television Doctors
6
7-to-1: TV Show Settings
7
Adjectives in 10s TV Shows
8
5-to-1: Streaming Originals
9
Survivor Seasons
10
Adjectives in 70s TV Shows
Explore More
Trending Topics
Crossword
Anime
Disney
Harry Potter
Kpop
NBA
Marvel
NFL
Song
The Office
Puzzle
Pokémon
Country
WWE
Soccer
hide this ad
More By:
TicTac23
Quiz
Plays
Rating
Category
Featured
Created
Hetalia Human Names
1,006
Television
Feb 24, 2014
The Outsiders Quotes
969
4.00
Movies
Nov 7, 2013
Goonies Blitz
250
3.50
Movies
Mar 3, 2014
anime catchphrases (English Dub)
227
2.00
Television
May 6, 2014
Eveelution Blitz
203
Gaming
Feb 26, 2014
Go to Creator's Profile
Score Distribution
Quiz Creator Spotlight
TicTac23
Follow
Send a Message
Quizzes Created
-
Created Quiz Play Count
-
More By This Creator
Popular Quizzes Today
1
Find the US States - No Outlines Minefield
2
Find the Countries of Europe - No Outlines Minefield
3
The Countries of the World
4
Find the US States
5
Risky Map Clicking: Biggest States A-Z
6
US States
7
Popular People in 1961
8
Movies - When Are They Set?
More Television Quizzes
60 TV Catchphrases
Editor's Pick
Trending Quizzes
Risky Map Clicking: Least Populous States A-Z
Billboard Blitz: Aretha Franklin
Famous Russians: Author or Composer?
1-10 Letter G Words
Countries of the World: 200 Million BC
Recently Updated
Leaping Animals
pecheneg
Reality TV Shows (A-Z)
bhenderson79
Rickey Henderson's Hall of Fame Teammates
pecheneg
Champions League XIs: Arsenal
pecheneg
Quick Pick: Celebrities in WWE's Hall of Fame
aduchscher
A-Z Keypad Blitz II
pecheneg
Multiple Oscar Actors
pecheneg
Mystery Phrase Blitz: Oscar 'Best Actors'
pecheneg
F. Scott Fitzgerald Novels
LTH
Pick 3 Villains
ddd62291
Trending Topics
Anime
Marvel
NBA
Kpop
Harry Potter
Crossword
Disney
NFL
Puzzle
Pokémon
WWE
Soccer
Country
The Office
Song
Your Account Isn't Verified!
In order to create a playlist on Sporcle, you need to verify the email address you used during registration. Go to your
Sporcle Settings
to finish the process.
Report this User
Report this user for behavior that violates our
Community Guidelines
.
Details:
Send Report
Go to the Sporcle.com Mobile Site →
Comments